UM Logo

Antas ng Kahalagahan Sa pAggamit ng Makabagong Teknolohiya sa mga Gawain ng mga Mag-aaral Na Nagmemedyor ng Filipino Sa Ikalawang Taon Sa UMDC (Record no. 6370)

MARC details
000 -LEADER
fixed length control field 00641nam a22001577a 4500
008 - FIXED-LENGTH DATA ELEMENTS--GENERAL INFORMATION
fixed length control field 170309b xxu||||| |||| 00| 0 eng d
082 ## - DEWEY DECIMAL CLASSIFICATION NUMBER
Edition number 2016
Classification number UT 0713
Item number M11
100 ## - MAIN ENTRY--PERSONAL NAME
9 (RLIN) 19171
Personal name Macatangay, Jei B.
245 ## - TITLE STATEMENT
Title Antas ng Kahalagahan Sa pAggamit ng Makabagong Teknolohiya sa mga Gawain ng mga Mag-aaral Na Nagmemedyor ng Filipino Sa Ikalawang Taon Sa UMDC
Statement of responsibility, etc. Jei B. Macatangay, Nova M. Ruiz and Albert T. Tamang.
300 ## - PHYSICAL DESCRIPTION
Extent 41 pages;
Other physical details 28 cm.
650 #0 - SUBJECT ADDED ENTRY--TOPICAL TERM
9 (RLIN) 19172
Topical term or geographic name as entry element Education
Form subdivision Filipino
General subdivision Undergraduate Thesis.
700 ## - ADDED ENTRY--PERSONAL NAME
9 (RLIN) 19173
Personal name Macatangay, Jei B.
700 ## - ADDED ENTRY--PERSONAL NAME
9 (RLIN) 19174
Personal name Ruiz, Nova M.
700 ## - ADDED ENTRY--PERSONAL NAME
9 (RLIN) 19175
Personal name Tamang, Albert T.
942 ## - ADDED ENTRY ELEMENTS (KOHA)
Source of classification or shelving scheme Dewey Decimal Classification
Koha item type Undergraduate Thesis
Holdings
Withdrawn status Lost status Source of classification or shelving scheme Damaged status Not for loan Home library Current library Date acquired Total Checkouts Full call number Barcode Date last seen Copy number Price effective from Koha item type
    Dewey Decimal Classification     UM Digos College - LIC UM Digos College - LIC 11/07/2016   UT 0713 M11 2016 UT0713 03/09/2017 1 03/09/2017 Undergraduate Thesis
    Dewey Decimal Classification     UM Digos College - LIC UM Digos College - LIC 02/27/2017   UT 0756 M11 2016 UT0756 04/24/2017 2 04/24/2017 Undergraduate Thesis